000 00436nam a2200181Ia 4500
001 24777
005 20260414151106.0
008 260414t2001||||xx |||||||||||||| ||spa||
041 _aESP
082 _a345.733
_bR24
100 _aRamos Peralta, Juan Carlos
_eAUT
245 0 _aTemas notariales y de derecho
_b
260 _c2001
300 _a70 páginas :
_c20 cm.
650 _aDER
654 _aCDE
942 _cLIB
_dJUS
_fJUS
_2ddc
_n
999 _c24777
_d24777